01315nab a22002057a 4500003000400000005001700004008004100021040000700062100003000069245010700099260007300206300001300279500004500292505048100337505008900818650002200907650001400929650002600943773014000969OSt20251113103753.0190604e xxu||||| |||| 00| 0 spa d cPJ aMassini Ezcurra, Martín13aEl decreto 138/2025 :bmonopolio y desregulación de sociedades de autores /cFarini Duggan, Tomás  aCiudad Autónoma de Buenos Aires :bThomson Reuters La Ley, c2025. ap. 48-57 aCita Online: TR LALEY AR/DOC/1117/2025.  tSumario: Sumario: I. Introducción.— II. Art. 1° del dec. 138/2025: monopolio versus competencia o gestión individual.— III. Modos de utilización de las obras. Gestión colectiva ¿indispensable?— IV. Algunos argumentos a favor de las sociedades autorales monopólicas.— V. Selección de algunos temas del resto del articulado del dec. 138/2025.— VI. ¿Qué pasa con las SGCDAyC existentes de ahora en más?— VII. Conclusiones.— VIII. Bibliografía.  t¿Te interesa el texto completo? Solicitalo al correo: koha@justierradelfuego.gov.ar 0aDERECHOS DE AUTOR 0aMONOPOLIO 0aPROPIEDAD INTELECTUAL0 02714dCiudad Autónoma de Buenos Aires : Thomson Reuters La Ley, 2014-tRevista anales de legislación argentina. Nº 6 - Junio 2025.